Largest US Cities By Number of Letters - Statistics

General Stats
  • This quiz has been taken 13 times
  • The average score is 41 of 50
Answer Stats
Hint Answer % Correct
558k New Mexico Albuquerque
100%
1.01 mil Texas Austin
100%
2.71 mil Illinois Chicago
100%
947k Ohio Columbus
100%
1.34 mil Texas Dallas
100%
2.44 mil Texas Houston
100%
894k Indiana Indianapolis
100%
695k Nevada Las Vegas
100%
3.87 mil California Los Angeles
100%
645k Kentucky Louisville
100%
509k Florida Miami
100%
557k Wisconsin Milwaukee
100%
427k Minnesota Minneapolis
100%
8.35 mil New York New York
100%
1.56 mil Pennsylvania Philadelphia
100%
1.70 mil Arizona Phoenix
100%
1.57 mil Texas San Antonio
100%
1.41 mil California San Diego
100%
991k California San José
100%
718k District of Columbia Washington
100%
561k Maryland Baltimore
92%
691k Massachusetts Boston
92%
735k Colorado Denver
92%
1.05 mil Texas Fort Worth
92%
1.04 mil Florida Jacksonville
92%
523k Arizona Mesa
92%
712k Tennessee Nashville
92%
728k Oklahoma Oklahoma City
92%
488k Nebraska Omaha
92%
627k Oregon Portland
92%
290k Nevada Reno
92%
804k California San Francisco
92%
428k Florida Tampa
92%
416k Oklahoma Tulsa
92%
424k California Bakersfield
83%
978k North Carolina Charlotte
83%
683k Texas El Paso
75%
541k California Sacramento
75%
209k Florida Tallahassee
75%
150k Texas Waco
75%
111k Oregon Bend
67%
297k Texas Plano
67%
137k Washington Kent
50%
327k California Stockton
42%
17k Oklahoma Ada
33%
16k New York Rye
25%
284k Florida Port St. Lucie
17%
38k Utah Roy
17%
7k Alabama Opp
8%
9k South Dakota Tea
8%
No matching quizzes found
Score Distribution
Percent of People with Each Score
Percentile by Number Answered
Your Score History
You have not taken this quiz